[Perspektívy vývoja medzinárodného marketingu]

Recenzia na publikáciu Perspektívy vývoja medzinárodného marketingu. Kniha je rozčlenená na päť samostatných kapitol a rieši zmeny v medzinárodnom podnikateľskom prostredí.

Uložené v:
Podrobná bibliografia
Hlavný autor: Kašťáková, Elena, 1974-
Médium: Kapitola
Jazyk:Slovak
Predmet:
Tagy: Pridať tag
Žiadne tagy, Buďte prvý, kto otaguje tento záznam!

MARC

LEADER 00000naa a2200000 4500
001 0120306
005 20240502072340.7
041 0 |a slo 
044 |a SK 
245 1 0 |a [Perspektívy vývoja medzinárodného marketingu]  |c Elena Kašťáková 
520 |a Recenzia na publikáciu Perspektívy vývoja medzinárodného marketingu. Kniha je rozčlenená na päť samostatných kapitol a rieši zmeny v medzinárodnom podnikateľskom prostredí. 
610 2 0 |a marketing medzinárodný 
610 2 0 |a recenzie 
610 2 0 |a obchod medzinárodný 
610 2 0 |a internacionalizácia 
100 1 |a Kašťáková, Elena, 1974-